Регионална библиотека "Любен Каравелов" - Русе

Градът и кучетата (Запис номер 48338)

MARC детайли
000 -Лидер
Контролно поле с фиксирана дължина 01533nam a2200289 a 4500
003 - Код на организацията, давaща контролен номер
Контролно поле BLK
005 - Дата и час на последна редакция
Контролно поле 20250623102648.0
008 - Елементи от данни с фиксирана дължина
fixed length control field 180408b bul|||||r ||||||| ||bul||
040 ## - Източник на каталожния запис
Идентификатор на билиотеката - собственик на записа BLK
041 ## - Код за език
Код за езика на текст/звукозапис или на отделно заглавие Български
Код за езика КДБФ Български
080 ## - УДК
Текстов определител УДК Латино-американска литература
УДК код - определител по УДК 821.134.2(7/8)
УДК определител -31
УДК - код + определител 821.134.2(7/8)-31
100 1# - Редна дума - Автор
Автор Варгас Льоса, Марио
Авторска отговорност първи автор
R(LIN) 281807
139 ## - Редно поле
Редна дума Варгас Льоса, Марио
245 10 - Сведения за заглавието
Заглавие Градът и кучетата
Подзаглавни данни Роман
Редно поле (дума) Марио Варгас Льоса; прев. от исп. Тамара Йорданова Такова; предг. от Лада Галина; Ганка Славова Габровска-Каранфилова.
257 ## - Страна на издаване
Страна на създаване/издаване Перу
260 ## - Област на издателските данни
Място на издаване, разпространение и проч. Пловдив
Име на издателя, разпространителя и проч. Христо Г. Данов
Година на издаване 1980
300 ## - Физическа характеристика
Страници 292 с.
Размери/Мащаб 22 см
380 ## - Жанр
Жанр Худож. лит.
500 ## - Общи забележки
Забележка Ориг. загл. La ciudad y la perros.- Истинското име на авт. на предг. е Ганка Славова Габровска-Каранфилова.
700 1# - Други автори (авторска отговорност)
Лично име Такова, Тамара Йорданова
Автороска отговорност (Описва отношението между автора и произведението) прев. от исп.
9 (RLIN) 248914
700 1# - Други автори (авторска отговорност)
Лично име Галина, Лада
Автороска отговорност (Описва отношението между автора и произведението) предг. от
Друга информация Габровска-Каранфилова, Ганка Славова
9 (RLIN) 365607
700 1# - Други автори (авторска отговорност)
Лично име Габровска-Каранфилова, Ганка Славова
9 (RLIN) 275303
852 ## - Местоположение
Форматна сигнатура Цб 106563
Фондова буква Хранилище
999 ## - СИСТЕМНИ КОНТРОЛНИ НОМЕРА
Koha biblionumber 48338
Koha biblioitemnumber 48338
942 ## - АРТИКУЛИ
Вид на библиотечния материал Книги
Скрит в OPAC Не
Периодичен библиозапис Да
Koha issues (borrowed), all copies 2
944 ## - СЪЗДАВАНЕ И РЕДАКЦИЯ на ЗАПИСА
Създаване/Редакция Създаване
Дата на регистрацията/редакция 02.09.2016
Служител, извършил регистрацията/редакцията 30531
Статус, дата на статуса Цветелина Шанова
944 ## - СЪЗДАВАНЕ И РЕДАКЦИЯ на ЗАПИСА
Създаване/Редакция Редакция
Дата на регистрацията/редакция 2022-12-07
Наличности
Код за отписване Код за изгубен артикул Източник на класификационната схема Код за повреда Коз за рестрикции Код за отдаване Артикулен № Име на библиотеката - собственик Име на библиотеката, в която се намира в момента Статус (Текущо местоположение) Дата на вписване в системата Местоположение - отдел Цена в лева Инвентарен номер Систематично азбучна сигнатура Баркод Номер на екземпляра Цена в евро Служебна бележка Служебен тип на артикула
  Не е изгубен Universal Decimal Classification Не е повреден без рестрикции ползва се в читалня 75872 Регионална библиотека "Любен Каравелов" Русе Регионална библиотека "Любен Каравелов" Русе Хранилище 1980-01-01 Хранилище 2.21 317359 Цб 106563 120000317359 1 1.13 Вид: Сф N: стар фонд Дата: 01.01.1980 Книги
Изтеглен Не е изгубен Universal Decimal Classification Не е повреден без рестрикции заемане за дома 75873 Регионална библиотека "Любен Каравелов" Русе Регионална библиотека "Любен Каравелов" Русе Заемна - подръчен фонд 1980-01-01 Заемна - подръчен фонд 2.21 318537 П 860-31/В 22 318537 2 1.13 Вид: Сф N: стар фонд Дата: 01.01.1980 Книги
Изтеглен Не е изгубен Universal Decimal Classification Не е повреден без рестрикции заемане за дома 75874 Регионална библиотека "Любен Каравелов" Русе Регионална библиотека "Любен Каравелов" Русе Заемна - подръчен фонд 1980-01-01 Заемна - подръчен фонд 2.21 318539 П 860-31/В 22 318539 3 1.13 Вид: Сф N: стар фонд Дата: 01.01.1980 Дата инв: 09.02.2018 Бележки инв: П2018 Книги
Изтеглен Не е изгубен Universal Decimal Classification Не е повреден без рестрикции заемане за дома 75875 Регионална библиотека "Любен Каравелов" Русе Регионална библиотека "Любен Каравелов" Русе Заемна - подръчен фонд 1980-01-01 Заемна - подръчен фонд 2.21 318540 П 860-31/В 22 318540 4 1.13 Вид: Сф N: стар фонд Дата: 01.01.1980 Дата инв: 16.02.2018 Бележки инв: П2018 Книги
  Не е изгубен Universal Decimal Classification Не е повреден без рестрикции заемане за дома 75876 Регионална библиотека "Любен Каравелов" Русе Регионална библиотека "Любен Каравелов" Русе Заемна - подръчен фонд 1980-01-01 Заемна - подръчен фонд 0.50 634193 П 860-31/В 22 120000634193 5 0.26 Вид: Сф N: стар фонд Дата: 01.01.1980 Дата инв: 09.02.2018 Бележки инв: П2018 Книги
Vip Innovations Ltd, Rousse, Bulgaria 2025